[Event "DEM U18 2006"]
[Site "Willingen GER"]
[Date "2006.06.06"]
[Round "4"]
[White "Ratkovitch, Dimitri"]
[Black "Behm, Simon"]
[Result "0-1"]
[Termination "normal"]
[Board "7"]
[WhiteElo "2083"]
[BlackElo "2243"]
[PlyCount "80"]
[WhiteFideId "24608050"]
[BlackFideId "4691962"]
[EventCountry "GER"]
[EventRounds "9"]
[EventType "swiss"]
[EventDate "2006.06.03"]

1. e4 c5 2. Nf3 Nc6 3. Bb5 e6 4. Bxc6 bxc6 5. d3 Ne7 6. Qe2 f6 7. e5 fxe5 8.
Nxe5 d6 9. Nc4 Nf5 10. c3 Be7 11. O-O O-O 12. f4 Nh4 13. Nbd2 Ng6 14. g3 Bf6
15. Nf3 Re8 16. Be3 e5 17. fxe5 Nxe5 18. Nfxe5 Bxe5 19. Qf3 Bh3 20. Rf2 Qd7 21.
Bf4 Bg4 22. Qg2 Bxf4 23. Rxf4 Re2 24. Rf2 Rae8 25. Raf1 h6 26. Rxe2 Rxe2 27.
Rf2 Re1+ 28. Rf1 Bh3 29. Rxe1 Bxg2 30. Kxg2 Qf5 31. Re3 Qd5+ 32. Kf2 Qh1 33.
Nxd6 Qxh2+ 34. Kf3 Qxb2 35. Re8+ Kh7 36. Ne4 Qxa2 37. Re7 a5 38. Ra7 a4 39. Ke3
a3 40. Nd2 Qa1 0-1

[Event "DEM U18 2006"]
[Site "Willingen GER"]
[Date "2006.06.06"]
[Round "4"]
[White "Grimberg, Boris"]
[Black "Krug, Kevin"]
[Result "1/2-1/2"]
[Termination "normal"]
[Board "8"]
[WhiteElo "2140"]
[BlackElo "2114"]
[PlyCount "35"]
[WhiteFideId "4697499"]
[BlackFideId "24609110"]
[EventCountry "GER"]
[EventRounds "9"]
[EventType "swiss"]
[EventDate "2006.06.03"]

1. e4 c6 2. d4 d5 3. Nc3 dxe4 4. Nxe4 Nd7 5. Nf3 Ngf6 6. Ng3 e6 7. Bd3 c5 8. c3
cxd4 9. Nxd4 Be7 10. O-O O-O 11. Qe2 Qc7 12. Re1 b6 13. Nh5 Bb7 14. Bg5 Qc5 15.
Bh4 Nxh5 16. Bxe7 Qxe7 17. Qxh5 g6 18. Qh3 1/2-1/2

[Event "DEM U18 2006"]
[Site "Willingen GER"]
[Date "2006.06.06"]
[Round "4"]
[White "Siebarth, Raiko"]
[Black "Friedrich, Paul-Robert"]
[Result "1-0"]
[Termination "normal"]
[Board "9"]
[WhiteElo "2185"]
[BlackElo "1985"]
[PlyCount "63"]
[WhiteFideId "4674766"]
[BlackFideId "24616036"]
[EventCountry "GER"]
[EventRounds "9"]
[EventType "swiss"]
[EventDate "2006.06.03"]

1. e4 c5 2. Nf3 Nc6 3. d4 cxd4 4. Nxd4 e5 5. Nb5 a6 6. Nd6+ Bxd6 7. Qxd6 Qf6 8.
Qc7 Qg6 9. Nc3 Nf6 10. f3 O-O 11. Be3 d5 12. Bc5 Rd8 13. Bd3 d4 14. Ne2 Ne8 15.
Qb6 Qxg2 16. O-O-O Qxf3 17. Rdf1 Qh3 18. Ng3 Nd6 19. Bxd6 Rxd6 20. Nf5 Bxf5 21.
Rxf5 Qh6+ 22. Kb1 Qe6 23. Rhf1 Nd8 24. Qc5 Rc8 25. Qxe5 Qxe5 26. Rxe5 Ne6 27.
a4 g6 28. b3 Kg7 29. Bc4 Re8 30. Rd1 Kf6 31. Rd5 Red8 32. e5+ 1-0

[Event "DEM U18 2006"]
[Site "Willingen GER"]
[Date "2006.06.06"]
[Round "4"]
[White "Hauser, Carlos"]
[Black "Kaufmann, Benjamin"]
[Result "1/2-1/2"]
[Termination "normal"]
[Board "10"]
[WhiteElo "2134"]
[BlackElo "1940"]
[PlyCount "146"]
[WhiteFideId "24608238"]
[BlackFideId "24613525"]
[EventCountry "GER"]
[EventRounds "9"]
[EventType "swiss"]
[EventDate "2006.06.03"]

1. d4 d5 2. c4 e6 3. Nc3 Nf6 4. cxd5 exd5 5. Bg5 Be7 6. Qc2 c6 7. e3 O-O 8. Bd3
Nbd7 9. Nf3 Re8 10. O-O Nf8 11. h3 Ne4 12. Bf4 Nxc3 13. bxc3 Bd6 14. Be5 f6 15.
Bxd6 Qxd6 16. c4 dxc4 17. Bxc4+ Be6 18. Rab1 Re7 19. Nd2 Bxc4 20. Qxc4+ Qe6 21.
Rfc1 Rd7 22. Qa4 Qe7 23. Nb3 Ne6 24. Rb2 Kf8 25. Rcb1 Rc7 26. Na5 Nd8 27. Qc2
g6 28. e4 c5 29. d5 b6 30. Nc4 Nf7 31. f4 Nd6 32. Rf1 Kg7 33. Nxd6 Qxd6 34. Qc3
Re8 35. Re2 Rce7 36. e5 fxe5 37. fxe5 Qxd5 38. Kh1 Kg8 39. Rfe1 b5 40. Qg3 Re6
41. Qg5 Kg7 42. Rd2 Qc6 43. Rf2 c4 44. Ref1 Qc7 45. Qf4 Kg8 46. Qh6 Qg7 47.
Qxg7+ Kxg7 48. Rf7+ Kg8 49. Rxa7 R8e7 50. Ra8+ Kg7 51. Rc8 Rxe5 52. a4 Re1 53.
Rxe1 Rxe1+ 54. Kh2 bxa4 55. Rxc4 a3 56. Ra4 Re3 57. Ra7+ Kf6 58. Rxh7 Re7 59.
Rh8 Ra7 60. Rf8+ Ke5 61. Rf1 a2 62. Ra1 Kd4 63. Kg3 Kc3 64. Kf4 Kb2 65. Rd1 Rc7
66. g4 Rc1 67. Rd2+ Kb3 68. Rxa2 Kxa2 69. Kg5 Rc6 70. h4 Kb3 71. h5 gxh5 72.
gxh5 Kc4 73. h6 Rxh6 1/2-1/2

[Event "DEM U18 2006"]
[Site "Willingen GER"]
[Date "2006.06.06"]
[Round "4"]
[White "Beller, Julian"]
[Black "Decker, Nils"]
[Result "1/2-1/2"]
[Termination "normal"]
[Board "11"]
[WhiteElo "2108"]
[BlackElo "2001"]
[PlyCount "82"]
[WhiteFideId "24625868"]
[EventCountry "GER"]
[EventRounds "9"]
[EventType "swiss"]
[EventDate "2006.06.03"]

1. e4 c5 2. Nc3 Nc6 3. g3 g6 4. Bg2 Bg7 5. f4 e6 6. d3 d6 7. Nf3 Nge7 8. O-O
O-O 9. Be3 Nd4 10. e5 Nef5 11. Bf2 Nxf3+ 12. Qxf3 Nd4 13. Qd1 dxe5 14. fxe5 Rb8
15. Ne4 b6 16. c3 Nf5 17. Nf6+ Kh8 18. g4 Ne7 19. Qf3 Nd5 20. Qh3 Nxf6 21. Bh4
Rg8 22. Rae1 Qe8 23. Bxf6 Bxf6 24. exf6 Bb7 25. Bxb7 Rxb7 26. g5 h5 27. Rf4 Kh7
28. Rh4 Rh8 29. d4 cxd4 30. Qd3 Kg8 31. Rxd4 Kh7 32. Rd1 Qc6 33. Kf2 Qc5 34.
Qe3 Rhb8 35. h4 Qf5+ 36. Qf3 Qc5 37. Kg2 Qb5 38. b3 Qe8 39. c4 Rc7 40. Qd3 Qc6+
41. Kh3 a6 1/2-1/2

[Event "DEM U18 2006"]
[Site "Willingen GER"]
[Date "2006.06.06"]
[Round "4"]
[White "Rafiee, Makan"]
[Black "Bracker, Frank"]
[Result "1-0"]
[Termination "normal"]
[Board "12"]
[WhiteElo "2044"]
[BlackElo "2058"]
[PlyCount "59"]
[WhiteFideId "24609340"]
[BlackFideId "24614343"]
[EventCountry "GER"]
[EventRounds "9"]
[EventType "swiss"]
[EventDate "2006.06.03"]

1. e4 c5 2. Nf3 d6 3. d4 cxd4 4. Nxd4 Nf6 5. Nc3 a6 6. Bg5 e6 7. f4 Qc7 8. Qf3
b5 9. Bxf6 gxf6 10. a3 Bb7 11. O-O-O h5 12. Bd3 Nd7 13. Rhe1 O-O-O 14. Kb1 Kb8
15. Qh3 Be7 16. Be2 h4 17. f5 e5 18. Nb3 Nb6 19. Qf3 d5 20. Nxd5 Nxd5 21. exd5
Rd7 22. Rd2 b4 23. a4 Rhd8 24. Red1 Bf8 25. Qe4 Ka8 26. Bf3 Bh6 27. Rd3 Rc8 28.
c3 Qc4 29. Qxc4 Rxc4 30. Na5 1-0

[Event "DEM U18 2006"]
[Site "Willingen GER"]
[Date "2006.06.06"]
[Round "4"]
[White "Wolter, Jens"]
[Black "Jahner, Marius-Florin"]
[Result "0-1"]
[Termination "normal"]
[Board "13"]
[WhiteElo "2107"]
[BlackElo "1876"]
[PlyCount "66"]
[WhiteFideId "4698185"]
[EventCountry "GER"]
[EventRounds "9"]
[EventType "swiss"]
[EventDate "2006.06.03"]

1. e4 c6 2. d4 d5 3. e5 Bf5 4. Nc3 e6 5. g4 Bg6 6. Nge2 a6 7. h4 h5 8. Nf4 Bh7
9. Nxh5 Nd7 10. Ng3 Qb6 11. Nce2 c5 12. c3 cxd4 13. cxd4 Rc8 14. a3 Rc2 15. Bh3
f6 16. exf6 gxf6 17. O-O Bd6 18. Nf5 Bxf5 19. gxf5 Qb3 20. Nc3 e5 21. dxe5 Bxe5
22. Bg2 Ne7 23. Nxd5 Nxf5 24. Bf4 Bxf4 25. Nxf4 Rxb2 26. Qg4 Nxh4 27. Nd5 Nxg2
28. Qxg2 Kf7 29. Rfe1 Ne5 30. Rac1 Nf3+ 31. Qxf3 Qxf3 32. Rc7+ Kg6 33. Ne7+ Kh6
0-1

[Event "DEM U18 2006"]
[Site "Willingen GER"]
[Date "2006.06.06"]
[Round "4"]
[White "Cara, Bogdan"]
[Black "Grünke, Paul"]
[Result "1/2-1/2"]
[Termination "normal"]
[Board "14"]
[WhiteElo "2027"]
[BlackElo "1874"]
[PlyCount "99"]
[BlackFideId "24647802"]
[EventCountry "GER"]
[EventRounds "9"]
[EventType "swiss"]
[EventDate "2006.06.03"]

1. e4 c5 2. c3 d5 3. exd5 Qxd5 4. d4 Nf6 5. dxc5 Qxc5 6. Be3 Qc7 7. Na3 a6 8.
Nc4 Nbd7 9. a4 e6 10. a5 Nd5 11. Bd4 b5 12. axb6 N7xb6 13. Nxb6 Nxb6 14. Bb5+
axb5 15. Bxb6 Rxa1 16. Bxc7 Rxd1+ 17. Kxd1 Bc5 18. f3 Bb7 19. Ne2 Ke7 20. Kc2
Rc8 21. Bf4 h6 22. h4 Bd5 23. Nc1 Bd4 24. Nd3 Bf6 25. h5 Kf8 26. Nb4 Bb7 27.
Rd1 e5 28. Bg3 e4 29. Bd6+ Kg8 30. Nd5 Rd8 31. Nxf6+ gxf6 32. g3 exf3 33. Bc5
Be4+ 34. Kc1 Rxd1+ 35. Kxd1 Bf5 36. Kd2 Bg4 37. b4 Bxh5 38. c4 bxc4 39. Kc3 Kg7
40. Kxc4 Bg6 41. Be3 Be4 42. Kd4 Bb7 43. b5 Kg6 44. Kd3 h5 45. Bf4 Kf5 46. Bc7
Ke6 47. Ke3 Kd7 48. Bf4 f5 49. Kf2 Kc8 50. b6 1/2-1/2

[Event "DEM U18 2006"]
[Site "Willingen GER"]
[Date "2006.06.06"]
[Round "5"]
[White "Figura, Atila Gajo"]
[Black "Feuerstack, Aljoscha"]
[Result "1/2-1/2"]
[Termination "normal"]
[Board "1"]
[WhiteElo "2352"]
[BlackElo "2296"]
[PlyCount "71"]
[WhiteFideId "4688058"]
[BlackFideId "4681932"]
[EventCountry "GER"]
[EventRounds "9"]
[EventType "swiss"]
[EventDate "2006.06.03"]

1. d4 d5 2. c4 c6 3. Nc3 dxc4 4. e4 b5 5. a4 b4 6. Na2 Nf6 7. e5 Nd5 8. Bxc4 e6
9. Nf3 Be7 10. O-O O-O 11. Qe2 a5 12. Qe4 Ba6 13. Bxa6 Nxa6 14. Qg4 Re8 15. Bh6
Bf8 16. Bg5 Qd7 17. Nc1 c5 18. Ne2 c4 19. Ng3 b3 20. Nh5 g6 21. Nf6+ Nxf6 22.
exf6 Nb4 23. Ne5 Qd5 24. Qh4 Ra7 25. Ng4 Rd8 26. Rad1 Nd3 27. Ne3 Qc6 28. Bh6
Bb4 29. Bg7 Rd5 30. Nxd5 Qxd5 31. Qh6 Nxb2 32. Rde1 Qh5 33. Qf4 Rb7 34. Re3 Qf5
35. Qxf5 gxf5 36. Bh6 1/2-1/2

[Event "DEM U18 2006"]
[Site "Willingen GER"]
[Date "2006.06.06"]
[Round "5"]
[White "Rehberg, Raphael"]
[Black "Frübing, Stefan"]
[Result "1/2-1/2"]
[Termination "normal"]
[Board "3"]
[WhiteElo "2246"]
[BlackElo "2233"]
[PlyCount "109"]
[WhiteFideId "4686799"]
[BlackFideId "4682165"]
[EventCountry "GER"]
[EventRounds "9"]
[EventType "swiss"]
[EventDate "2006.06.03"]

1. e4 c5 2. Nf3 Nc6 3. Bb5 g6 4. Bxc6 dxc6 5. d3 Bg7 6. h3 Nf6 7. Nc3 Nd7 8.
Be3 e5 9. Qd2 h6 10. O-O Qe7 11. Nh2 Nf8 12. f4 exf4 13. Rxf4 Be6 14. Qf2 Nd7
15. Re1 b6 16. d4 cxd4 17. Bxd4 Ne5 18. Ng4 Bxg4 19. hxg4 Rd8 20. Ne2 O-O 21.
Bc3 c5 22. Qg3 Rd7 23. Rff1 Qg5 24. Rd1 Rfd8 25. Rxd7 Rxd7 26. Rf4 Rd1+ 27. Kh2
Rd7 28. Ng1 Qe7 29. Rf1 Qe6 30. Rf4 Qxa2 31. Nf3 Nxf3+ 32. Qxf3 Bxc3 33. Qxc3
Rd4 34. b3 Qa6 35. Qe3 Qc8 36. c3 Rd8 37. e5 Re8 38. Ra4 Qc7 39. Re4 Kg7 40.
Kh3 Re6 41. g5 h5 42. g4 hxg4+ 43. Kxg4 Qd7 44. Kg3 Qd1 45. c4 Kf8 46. Rf4 Qa1
47. Rxf7+ Kxf7 48. Qf3+ Ke8 49. Qa8+ Kd7 50. Qb7+ Kd8 51. Qb8+ Ke7 52. Qb7+ Kf8
53. Qf3+ Kg7 54. Qb7+ Kf8 55. Qf3+ 1/2-1/2

[Event "DEM U18 2006"]
[Site "Willingen GER"]
[Date "2006.06.06"]
[Round "5"]
[White "Behm, Simon"]
[Black "Hirneise, Tobias"]
[Result "1-0"]
[Termination "normal"]
[Board "4"]
[WhiteElo "2243"]
[BlackElo "2210"]
[PlyCount "99"]
[WhiteFideId "4691962"]
[BlackFideId "24600881"]
[EventCountry "GER"]
[EventRounds "9"]
[EventType "swiss"]
[EventDate "2006.06.03"]

1. d4 Nf6 2. c4 g6 3. Nc3 Bg7 4. e4 d6 5. Be2 O-O 6. Nf3 e5 7. O-O Nc6 8. d5
Ne7 9. b4 a5 10. Ba3 b6 11. bxa5 Nh5 12. Re1 f5 13. Bb4 bxa5 14. Ba3 Nf4 15.
Nd2 Nxe2+ 16. Qxe2 fxe4 17. Ndxe4 Nf5 18. c5 Ba6 19. Qd1 Bh6 20. Qa4 Rf7 21.
Rab1 Bf8 22. Rb2 Nd4 23. Reb1 Rf4 24. Qd1 Bc4 25. f3 dxc5 26. Bxc5 Bxc5 27.
Nxc5 Bxd5 28. Nd3 Rf8 29. Nxe5 c5 30. Qd3 Qd6 31. Nxg6 Bxa2 32. Nxf8 Bxb1 33.
Qc4+ Kxf8 34. Rxb1 Ne6 35. Rd1 Qe5 36. Ne4 Rb8 37. f4 Qf5 38. Nd6 Qf6 39. f5
Ng7 40. Qxc5 Kg8 41. Qd5+ Kf8 42. Ne4 Qb6+ 43. Kh1 Qb7 44. Qd6+ Kg8 45. f6 Ne8
46. f7+ Kxf7 47. Rf1+ Kg7 48. Qf8+ Kg6 49. Qf5+ Kg7 50. Qg5+ 1-0

[Event "DEM U18 2006"]
[Site "Willingen GER"]
[Date "2006.06.06"]
[Round "5"]
[White "Mijatovic, Vladimir"]
[Black "Zebisch, Paul"]
[Result "0-1"]
[Termination "normal"]
[Board "5"]
[WhiteElo "2213"]
[BlackElo "2039"]
[PlyCount "54"]
[WhiteFideId "934062"]
[BlackFideId "24601535"]
[EventCountry "GER"]
[EventRounds "9"]
[EventType "swiss"]
[EventDate "2006.06.03"]

1. e4 e5 2. Bc4 Nc6 3. d3 Nf6 4. Nc3 Na5 5. Nge2 Nxc4 6. dxc4 c6 7. Qd3 h6 8.
O-O Be7 9. Qg3 d6 10. Qxg7 Rg8 11. Qxh6 Be6 12. b3 Rg6 13. Qd2 Qc7 14. Ng3
O-O-O 15. Nd1 Rh8 16. Ne3 Qd8 17. c5 d5 18. exd5 cxd5 19. Re1 Nd7 20. Nxd5 Bxc5
21. Ne3 Qh4 22. Nef1 Rxg3 23. Nxg3 Qxh2+ 24. Kf1 Bg4 25. Ne2 Bf3 26. Qg5 Qh1+
27. Ng1 Rh2 0-1

[Event "DEM U18 2006"]
[Site "Willingen GER"]
[Date "2006.06.06"]
[Round "5"]
[White "Huschenbeth, Niclas"]
[Black "Grimberg, Boris"]
[Result "0-1"]
[Termination "normal"]
[Board "6"]
[WhiteElo "2293"]
[BlackElo "2140"]
[PlyCount "84"]
[WhiteFideId "24604747"]
[BlackFideId "4697499"]
[EventCountry "GER"]
[EventRounds "9"]
[EventType "swiss"]
[EventDate "2006.06.03"]

1. e4 g6 2. d4 Bg7 3. Nc3 d6 4. Be3 a6 5. Nf3 b5 6. Bd3 Bb7 7. O-O Nd7 8. Ne2
e6 9. Nd2 Ne7 10. c3 O-O 11. a4 c6 12. b4 Nb6 13. a5 Nd7 14. f4 Rc8 15. Nb3 f5
16. e5 dxe5 17. dxe5 Nd5 18. Bc5 Rf7 19. Ned4 Qe8 20. Qe1 Bf8 21. Nxe6 Qxe6 22.
Nd4 Bxc5 23. bxc5 Qe8 24. e6 Re7 25. exd7 Rxe1 26. dxe8=Q+ Rexe8 27. Rf3 Rcd8
28. c4 Nb4 29. Rb1 Nxd3 30. Rxd3 Re4 31. Rbd1 bxc4 32. R3d2 c3 33. Rd3 Rd5 34.
Nb3 c2 35. Rxd5 cxd5 36. Rc1 Rc4 37. Kf2 d4 38. Ke2 Be4 39. g3 d3+ 40. Kd2 Rb4
41. Na1 Rb1 42. c6 Bxc6 0-1

[Event "DEM U18 2006"]
[Site "Willingen GER"]
[Date "2006.06.06"]
[Round "5"]
[White "Bäumler, Ilja"]
[Black "Rafiee, Makan"]
[Result "1-0"]
[Termination "normal"]
[Board "7"]
[WhiteElo "2209"]
[BlackElo "2044"]
[PlyCount "41"]
[WhiteFideId "4681070"]
[BlackFideId "24609340"]
[EventCountry "GER"]
[EventRounds "9"]
[EventType "swiss"]
[EventDate "2006.06.03"]

1. e4 c5 2. c3 d5 3. exd5 Qxd5 4. d4 Nf6 5. Nf3 Bg4 6. dxc5 Qxd1+ 7. Kxd1 e5 8.
b4 e4 9. h3 Bh5 10. g4 Nxg4 11. hxg4 Bxg4 12. Nbd2 exf3 13. Bd3 Nc6 14. Re1+
Be7 15. Kc2 f6 16. Nc4 Kf7 17. Bf4 Nd8 18. Re3 Ne6 19. Rae1 Rhe8 20. Bd6 Bd8
21. Be4 1-0

[Event "DEM U18 2006"]
[Site "Willingen GER"]
[Date "2006.06.06"]
[Round "5"]
[White "Jahner, Marius-Florin"]
[Black "Siebarth, Raiko"]
[Result "0-1"]
[Termination "normal"]
[Board "8"]
[WhiteElo "1876"]
[BlackElo "2185"]
[PlyCount "106"]
[BlackFideId "4674766"]
[EventCountry "GER"]
[EventRounds "9"]
[EventType "swiss"]
[EventDate "2006.06.03"]

1. d4 Nf6 2. c4 g6 3. Nc3 Bg7 4. e4 d6 5. f3 O-O 6. Be3 a6 7. Qd2 Nbd7 8. Nge2
c5 9. dxc5 dxc5 10. Rd1 Qc7 11. Nf4 e6 12. Nd3 Qc6 13. Qf2 b6 14. Be2 Ne8 15.
f4 Bb7 16. Bf3 Qc7 17. e5 f6 18. exf6 Nexf6 19. O-O Rae8 20. h3 e5 21. fxe5
Nxe5 22. Nxe5 Qxe5 23. Rfe1 Bxf3 24. Qxf3 Ne4 25. Qxe4 Qxe4 26. Nxe4 Rxe4 27.
b3 Bc3 28. Bd2 Bd4+ 29. Kh2 Rxe1 30. Bxe1 Rf1 31. g4 Kf7 32. Kg2 Rg1+ 33. Kf3
Ke6 34. a3 a5 35. a4 g5 36. Rc1 Be5 37. Rd1 Bc3 38. Kf2 Rxe1 39. Rxe1+ Bxe1+
40. Kxe1 Ke5 41. Ke2 Ke4 42. Kf2 Kd3 43. Kf3 h6 44. Kf2 Kc3 45. Ke3 Kxb3 46.
Ke4 Kxc4 47. Kf5 Kb4 48. Kg6 c4 49. Kxh6 c3 50. Kxg5 c2 51. h4 c1=Q+ 52. Kg6
Qc4 53. g5 Qxh4 0-1

[Event "DEM U18 2006"]
[Site "Willingen GER"]
[Date "2006.06.06"]
[Round "5"]
[White "Krug, Kevin"]
[Black "Beller, Julian"]
[Result "0-1"]
[Termination "normal"]
[Board "9"]
[WhiteElo "2114"]
[BlackElo "2108"]
[PlyCount "44"]
[WhiteFideId "24609110"]
[BlackFideId "24625868"]
[EventCountry "GER"]
[EventRounds "9"]
[EventType "swiss"]
[EventDate "2006.06.03"]

1. d4 Nf6 2. c4 e6 3. Nc3 Bb4 4. Qc2 d5 5. cxd5 exd5 6. Bg5 c5 7. dxc5 h6 8.
Bh4 g5 9. Bg3 Ne4 10. Bxb8 Qf6 11. Qa4+ Bd7 12. Qxb4 Qxf2+ 13. Kd1 Qxf1+ 14.
Kc2 Qxa1 15. Qd4 O-O 16. Nxd5 Rfxb8 17. Qxe4 Be6 18. Nf6+ Kf8 19. Qe5 Rd8 20.
Nh7+ Ke7 21. Qf6+ Kd7 22. c6+ bxc6 0-1

[Event "DEM U18 2006"]
[Site "Willingen GER"]
[Date "2006.06.06"]
[Round "5"]
[White "Becker, Nils"]
[Black "Ratkovitch, Dimitri"]
[Result "1-0"]
[Termination "normal"]
[Board "10"]
[WhiteElo "2165"]
[BlackElo "2083"]
[PlyCount "61"]
[WhiteFideId "4695216"]
[BlackFideId "24608050"]
[EventCountry "GER"]
[EventRounds "9"]
[EventType "swiss"]
[EventDate "2006.06.03"]

1. e4 c5 2. Nf3 e6 3. Nc3 Nc6 4. d4 cxd4 5. Nxd4 Nf6 6. Nxc6 bxc6 7. e5 Nd5 8.
Ne4 Qc7 9. f4 Qb6 10. c4 Ne3 11. Qd3 Bb4+ 12. Ke2 Nxc4 13. Kf3 Ba6 14. Qc2 f5
15. exf6 d5 16. fxg7 Rg8 17. Nf6+ Kf7 18. Nxg8 Rxg8 19. Bxc4 dxc4 20. Be3 c5
21. Kf2 Bb7 22. Rhg1 Rxg7 23. Qe2 Qc6 24. g3 c3 25. bxc3 Bxc3 26. Rac1 Bb4 27.
Qh5+ Kg8 28. Bxc5 Bd2 29. Rcd1 Bb4 30. Rd6 Qb5 31. Rb1 1-0

[Event "DEM U18 2006"]
[Site "Willingen GER"]
[Date "2006.06.06"]
[Round "5"]
[White "Decker, Nils"]
[Black "Hauser, Carlos"]
[Result "0-1"]
[Termination "normal"]
[Board "11"]
[WhiteElo "2001"]
[BlackElo "2134"]
[PlyCount "76"]
[BlackFideId "24608238"]
[EventCountry "GER"]
[EventRounds "9"]
[EventType "swiss"]
[EventDate "2006.06.03"]

1. e4 c5 2. Nf3 Nc6 3. Bb5 g6 4. O-O Bg7 5. c3 Nf6 6. Re1 Qb6 7. Na3 O-O 8. h3
d6 9. Bf1 e5 10. Nc4 Qc7 11. d4 cxd4 12. cxd4 exd4 13. Nxd4 d5 14. exd5 Nxd5
15. Nb5 Qd8 16. Nbd6 Be6 17. Ne4 b5 18. Ne3 b4 19. Nc4 Nd4 20. Bg5 Qb8 21. Rc1
b3 22. Ne3 Nxe3 23. Rxe3 Nf5 24. Nf6+ Kh8 25. Rxe6 fxe6 26. Nd7 Qb4 27. Nxf8
Rxf8 28. axb3 Bd4 29. Rc4 Qb6 30. Qd2 e5 31. Rb4 Bxf2+ 32. Qxf2 Qxb4 33. g4 Qd4
34. Qxd4 Nxd4 35. Be3 Rf3 36. Bf2 Rxb3 37. Bh4 Nf3+ 38. Kf2 Nxh4 0-1

[Event "DEM U18 2006"]
[Site "Willingen GER"]
[Date "2006.06.06"]
[Round "5"]
[White "Kaufmann, Benjamin"]
[Black "Bracker, Frank"]
[Result "1/2-1/2"]
[Termination "normal"]
[Board "12"]
[WhiteElo "1940"]
[BlackElo "2058"]
[PlyCount "113"]
[WhiteFideId "24613525"]
[BlackFideId "24614343"]
[EventCountry "GER"]
[EventRounds "9"]
[EventType "swiss"]
[EventDate "2006.06.03"]

1. d4 Nf6 2. Nf3 g6 3. Bg5 Bg7 4. e3 d6 5. c4 O-O 6. Nc3 Nbd7 7. Be2 c5 8. O-O
h6 9. Bh4 g5 10. Bg3 Nh5 11. Qd2 Nxg3 12. hxg3 cxd4 13. exd4 Nf6 14. Qc2 Bg4
15. b4 Re8 16. Rfd1 Qc7 17. Qb3 Rad8 18. Nb5 Qb8 19. c5 a6 20. Na3 e5 21. dxe5
dxe5 22. Bc4 Rxd1+ 23. Rxd1 Qc7 24. Re1 Bh5 25. Nc2 Bg6 26. Ne3 a5 27. a3 axb4
28. axb4 Rd8 29. Rd1 Rxd1+ 30. Qxd1 Be4 31. Bb3 Bxf3 32. Qxf3 e4 33. Qd1 b6 34.
Nd5 Nxd5 35. Qxd5 bxc5 36. bxc5 Kh8 37. Qxf7 Qxf7 38. Bxf7 Bd4 39. c6 Be5 40.
Kf1 e3 41. fxe3 Bxg3 42. Ke2 Kg7 43. Kf3 Bc7 44. Be8 Kf6 45. Ke4 Bb8 46. Kd5
Bc7 47. g4 Bb8 48. Kc5 Bc7 49. Kb5 Ke7 50. Bd7 Kf6 51. Ka6 Ke7 52. Kb7 Kd8 53.
e4 Bd6 54. Kb6 Bc7+ 55. Kc5 Ke7 56. Kd5 Kf6 57. Bf5 1/2-1/2

[Event "DEM U18 2006"]
[Site "Willingen GER"]
[Date "2006.06.06"]
[Round "5"]
[White "Friedrich, Paul-Robert"]
[Black "Cara, Bogdan"]
[Result "1/2-1/2"]
[Termination "normal"]
[Board "13"]
[WhiteElo "1985"]
[BlackElo "2027"]
[PlyCount "89"]
[WhiteFideId "24616036"]
[EventCountry "GER"]
[EventRounds "9"]
[EventType "swiss"]
[EventDate "2006.06.03"]

1. d4 d5 2. c4 e6 3. Nc3 f5 4. Bf4 c6 5. e3 Nf6 6. Bd3 Bd6 7. Nge2 O-O 8. Qc2
Ne4 9. f3 Nxc3 10. bxc3 b6 11. O-O Ba6 12. Qb3 c5 13. Rfd1 cxd4 14. cxd4 g5 15.
Bxd6 dxc4 16. Bxc4 Bxc4 17. Qxc4 Qxd6 18. d5 Re8 19. dxe6 Qxe6 20. Qxe6+ Rxe6
21. Rd8+ Kf7 22. Rc1 Re8 23. Rc7+ Kf8 24. Rxe8+ Kxe8 25. Rxh7 Nd7 26. Nd4 Nf8
27. Rh8 Kf7 28. Nxf5 Rd8 29. Nd4 Rc8 30. Rh6 Rc1+ 31. Kf2 Ra1 32. Rc6 Rxa2+ 33.
Kg3 Nd7 34. Rc7 Ke8 35. e4 a5 36. Rc2 Rxc2 37. Nxc2 Ke7 38. f4 Kf6 39. fxg5+
Kxg5 40. h4+ Kh5 41. Kh3 Ne5 42. Na3 a4 43. g3 Ng4 44. Kg2 Ne5 45. Kh3 1/2-1/2

[Event "DEM U18 2006"]
[Site "Willingen GER"]
[Date "2006.06.06"]
[Round "5"]
[White "Grünke, Paul"]
[Black "Wolter, Jens"]
[Result "1-0"]
[Termination "normal"]
[Board "14"]
[WhiteElo "1874"]
[BlackElo "2107"]
[PlyCount "67"]
[WhiteFideId "24647802"]
[BlackFideId "4698185"]
[EventCountry "GER"]
[EventRounds "9"]
[EventType "swiss"]
[EventDate "2006.06.03"]

1. e4 c5 2. Nf3 Nc6 3. d4 cxd4 4. Nxd4 g6 5. Nc3 Bg7 6. Be3 Nf6 7. Bc4 Qa5 8.
O-O O-O 9. Bb3 d6 10. h3 Bd7 11. Re1 Rfe8 12. Qe2 Nxe4 13. Nxc6 Nxc3 14. Nxa5
Nxe2+ 15. Rxe2 Bxb2 16. Rd1 b6 17. Nc4 Bf6 18. Nd2 Rec8 19. Ne4 Bg7 20. Ng5 Be8
21. Bd4 h6 22. Nf3 Rc7 23. Nh4 Bxd4 24. Rxd4 Kf8 25. Re3 a5 26. a4 b5 27. axb5
Bxb5 28. Rf3 Be8 29. Nxg6+ Kg7 30. Nh4 a4 31. Rg4+ Kh8 32. Bd5 Ra5 33. Rfg3 h5
34. Rg8+ 1-0

[Event "DEM U18 2006"]
[Site "Willingen GER"]
[Date "2006.06.07"]
[Round "6"]
[White "Frübing, Stefan"]
[Black "Figura, Atila Gajo"]
[Result "1/2-1/2"]
[Termination "normal"]
[Board "1"]
[WhiteElo "2233"]
[BlackElo "2352"]
[PlyCount "119"]
[WhiteFideId "4682165"]
[BlackFideId "4688058"]
[EventCountry "GER"]
[EventRounds "9"]
[EventType "swiss"]
[EventDate "2006.06.03"]

1. e4 d5 2. exd5 Nf6 3. Nc3 Nxd5 4. Bc4 Nb6 5. Bb3 Nc6 6. Qf3 e6 7. Nge2 Be7 8.
d3 O-O 9. Be3 Na5 10. O-O Bd7 11. Rfe1 Bc6 12. Qg4 Nxb3 13. axb3 Kh8 14. Bf4 a6
15. Qg3 Rc8 16. Nd4 Bd7 17. Nf3 Bf6 18. d4 Nd5 19. Nxd5 exd5 20. b4 Bf5 21. c3
c6 22. Be5 Bxe5 23. Qxe5 Qd7 24. Qe7 Rce8 25. Qxd7 Bxd7 26. Ne5 Be6 27. Nd3 Bc8
28. Nc5 g5 29. f3 Kg7 30. Kf2 f6 31. g3 Kf7 32. h4 gxh4 33. gxh4 Rxe1 34. Rxe1
Re8 35. Rxe8 Kxe8 36. Ke3 Kf7 37. Kf4 Ke7 38. Nd3 b5 39. Nf2 Kf7 40. Nd1 Be6
41. Ne3 Kg6 42. Kg3 Bd7 43. Ng2 Bf5 44. Nf4+ Kf7 45. Kf2 Ke7 46. Ke3 Kf7 47.
Nh5 Kg6 48. Ng3 Be6 49. Kf4 Bd7 50. Nh1 Kh5 51. Kg3 Kg6 52. Nf2 Kf5 53. Ng4 Kg6
54. Kf4 Be6 55. h5+ Kf7 56. Kg3 Bxg4 57. fxg4 h6 58. Kf3 Ke7 59. Ke3 Kd6 60.
Kf3 1/2-1/2